Szczegóły MARC21

Uczeń ze specjalnymi potrzebami edukacyjnymi w refleksji i działaniu nauczyciela : wybrane zagadnienia /

003 -Nazwa inst., której nr kontr. jest w polu 001 [,]
    • @
    • Nazwa instytucji, której n kontrolny jest w polu 001
    • NUKAT
005 -DATA I CZAS OSTATNIEJ MODYFIKACJI [,]
    • @
    • pole kontrolne
    • 20241231090448.0
020 -Międzynarod. znormalizowany nr książki - ISBN [ , ]
    • a
    • Numer ISBN
    • 9788381803458 Find
040 -Instytucja sporządzająca opis [ , ]
    • a
    • Instytucja, która sporządziła opis (NP)
    • KAT U/DL
    • b
    • Język katalogowania
    • pol
    • e
    • Zasady katalogowania
    • rda
    • c
    • Instytucja, która sporządziła rekord (NP)
    • KAT U/DLs
    • d
    • Instytucja, która zmodyfikowała rekord (P)
    • KAT U/DL
    • d
    • Instytucja, która zmodyfikowała rekord (P)
    • WR U/MW
    • d
    • Instytucja, która zmodyfikowała rekord (P)
    • SZCZ U/MC
942 -Rodzaj dokumentu [ , ]
    • c
    • Rodzaj dokumentu
    • Książka
245 -Strefa tytułu i oznaczenia odpowiedzialności [0,0]
    • a
    • Tytuł
    • Uczeń ze specjalnymi potrzebami edukacyjnymi w refleksji i działaniu nauczyciela : Find
    • b
    • Ciąg dalszy tytułu (NP)
    • wybrane zagadnienia / Find
    • c
    • Pozostałe elementy strefy tytułu i oznaczenia odpowiedzialności (NP)
    • Jolanta Dyrda, Helena Liwo, Katarzyna Materny.
260 -Strefa adresu wydawniczego [ , ]
    • a
    • Miejsce wydania (P)
    • Toruń :
    • b
    • Nazwa wydawcy (P)
    • Wydawnictwo Adam Marszałek,
    • c
    • Data wydania (P)
    • 2020.
300 -Strefa opisu fizycznego [ , ]
    • a
    • Określenie formy książki i/lub objętość (NP)
    • 236 stron ;
    • c
    • Format (NP)
    • 21 cm.
336 -Typ zawartości [ , ]
    • a
    • Termin opisujący typ zawartości
    • Tekst
    • b
    • Kod określający zawartość
    • txt
    • 2
    • Źródło (terminu i kodu)
    • rdacontent
337 -Typ mediów [ , ]
    • a
    • Tryb odtwarzania
    • Bez urządzenia pośredniczącego
    • b
    • Kod typu mediów
    • n
    • 2
    • Źródło (terminu i kodu)
    • rdamedia
338 -Typ/rodzaj nośnika [ , ]
    • a
    • Hasło opisujące typ nośnika
    • Wolumin
    • b
    • Kod typu nośnika
    • nc
    • 2
    • Źródło (terminu i kodu)
    • rdacarrier
504 -Uwaga dot. bibliogr. załącznikowej [ , ]
    • a
    • Uwaga dot. bibliografii załącznikowej
    • Bibliografia przy rozdziałach.
536 -Uwaga dot. finansowania książki [ , ]
    • a
    • Tekst uwagi
    • Publikacja współfinansowana z dotacji Ministerstwa Nauki i Szkolnictwa Wyższego na utrzymanie potencjału badawczego Ateneum - Szkoły Wyższej w Gdańsku
650 -Hasło przedmiotowe [ ,7]
    • a
    • Hasło przedmiotowe
    • Pedagogika specjalna.
    • 2
    • Źródło terminu
    • kaba
    • 9
    • KHW
    • 123418
650 -Hasło przedmiotowe [ ,7]
    • a
    • Hasło przedmiotowe
    • Dzieci z niepełnosprawnością
    • x
    • Określnik rzeczowy
    • edukacja.
    • 2
    • Źródło terminu
    • kaba
    • 9
    • KHW
    • 106928
650 -Hasło przedmiotowe [ ,7]
    • a
    • Hasło przedmiotowe
    • Dzieci z niepełnosprawnością wzroku
    • x
    • Określnik rzeczowy
    • edukacja.
    • 2
    • Źródło terminu
    • kaba
    • 9
    • KHW
    • 106957
650 -Hasło przedmiotowe [ ,7]
    • a
    • Hasło przedmiotowe
    • Dzieci z niepełnosprawnością słuchu
    • x
    • Określnik rzeczowy
    • edukacja.
    • 2
    • Źródło terminu
    • kaba
    • 9
    • KHW
    • 106931
650 -Hasło przedmiotowe [ ,7]
    • a
    • Hasło przedmiotowe
    • Relacje nauczyciel-uczeń.
    • 2
    • Źródło terminu
    • kaba
    • 9
    • KHW
    • 144176
700 -Hasło dodatkowe - nazwa osobowa [1, ]
    • a
    • Nazwa osobowa (NP)
    • Dyrda, Jolanta. Find
    • e
    • Określenie rodzaju współpracy
    • Autor
    • 9
    • KHW
    • 589626
700 -Hasło dodatkowe - nazwa osobowa [1, ]
    • a
    • Nazwa osobowa (NP)
    • Liwo, Helena. Find
    • e
    • Określenie rodzaju współpracy
    • Autor
    • 9
    • KHW
    • 452992
700 -Hasło dodatkowe - nazwa osobowa [1, ]
    • a
    • Nazwa osobowa (NP)
    • Materny, Katarzyna. Find
    • e
    • Określenie rodzaju współpracy
    • Autor
    • 9
    • KHW
    • 589627
710 -Hasło dodatkowe - nazwa ciała zbiorowego [2, ]
    • a
    • Nazwa ciała zbiorowego lub nazwa geograficzna jako pierwszy element (NP)
    • Wydawnictwo Adam Marszałek.
    • e
    • Rodzaj współpracy
    • Wydawca
    • 4
    • Kod relacji
    • pbl
    • 9
    • KHW
    • 53600
920 -ISBN [ , ]
    • a
    • ISBN
    • 978-83-8180-345-8 Find
Data inwentaryzacji Lokalizacja Numer inwentarzowy Status udost.
2021-04-15BGWM.26022-3
2021-04-15BGWM.26023-3
2021-03-26BNSHM.49-3
2021-03-26BNSH.353781